Toni Collette Movies - Statistics

General Stats
  • This quiz has been taken 18 times
  • The average score is 5 of 13
Answer Stats
Release Year Costars Movie % Correct
1999 Bruce Willis, Haley Joel Osment The Sixth Sense
78%
2019 Daniel Craig, Ana de Armas Knives Out
56%
2006 Abigail Breslin, Alan Arkin Little Miss Sunshine
56%
2011 Colin Farrell, David Tennant Fright Night
33%
2016 Daniel Radcliffe, Tracy Letts Imperium
33%
2020 Jessie Buckley, Jesse Plemons I'm Thinking of Ending Things
33%
2021 Bradley Cooper, Cate Blanchett Nightmare Alley
33%
2019 Jake Gyllenhaal, John Malkovich Velvet Buzzsaw
33%
2002 Ben Affleck, Samuel L. Jackson Changing Lanes
22%
2012 Anthony Hopkins, Helen Mirren Hitchcock
22%
2000 Samuel L. Jackson, Jeffrey Wright Shaft
22%
2017 Noomi Rapace, Michael Douglas Unlocked
22%
2015 Adam Scott, Allison Tolman Krampus
11%
No matching quizzes found
Score Distribution
Percent of People with Each Score
Percentile by Number Answered
Your Score History
You have not taken this quiz